000 00742nam a22002417a 4500
005 20170124110220.0
010 _aB-024327
020 _c400.00
_a8170742234
035 _aB-024327
037 _bCen Lib/Ret
040 _aDPL
_bEN
082 _a324.60954
_bELE
245 _aElectoral politics in South Asia /
_cedited by Subho Basu [and] Suranjan Das
260 _aCalcutta
_bK.P. Bagchi
_c2000
270 _bCalcutta
_a286 B. B. Ganguly Street
_e700012
300 _axxxix,241p.
_c22cm(Hb)
500 _aIncludes index
650 _aElections -- India
_936
650 _aElections -- South Asia
_939658
700 _a Basu, Subho
_939655
700 _aDas, Suranjan
_939656
942 _2ddc
_cEN
_h324.60954
_mELE
999 _c134055
_d134055